COMPUTER NETWORKS: A SYSTEM APPROACH (Record no. 216657)

MARC details
000 -LEADER
fixed length control field 00485nam a22001817a 4500
008 - FIXED-LENGTH DATA ELEMENTS--GENERAL INFORMATION
fixed length control field 260225b |||||||| |||| 00| 0 eng d
020 ## - INTERNATIONAL STANDARD BOOK NUMBER
International Standard Book Number 978-0-1281-8200-0
100 ## - MAIN ENTRY--PERSONAL NAME
Personal name PETERSON LARRY L.
245 ## - TITLE STATEMENT
Title COMPUTER NETWORKS: A SYSTEM APPROACH
250 ## - EDITION STATEMENT
Edition statement 6TH EDITION
260 ## - PUBLICATION, DISTRIBUTION, ETC.
Place of publication, distribution, etc. CAMBRIGE
Name of publisher, distributor, etc. MORGAN KAUFMAN
Date of publication, distribution, etc. 2022
300 ## - PHYSICAL DESCRIPTION
Extent XXVI,817P.
500 ## - GENERAL NOTE
General note INCLUDES AN INDEX
650 ## - SUBJECT ADDED ENTRY
Topical term or geographic name entry element COMPUTER NETWORKS
700 ## - ADDED ENTRY--PERSONAL NAME
Personal name BRUCE S. DAVIE
942 ## - ADDED ENTRY ELEMENTS (KOHA)
Source of classification or shelving scheme Library of Congress Classification
Koha item type Long Loan Book

No items available.